004740000a22001570004500060000800000082001600008100001600024245006300040260002900103260000900132300000800141650002700149942000700176999001900183952011400202 a100 a582.087 PRI aKurz, W G W aPrimary and secondary metabolism of plant cell cultures II aSpringer - verlag Berlin c1989 a315 aPlant cell/ Metabolism cBK c350360d350360 00104070aKAUCOAVbKAUCOAVd2014-05-02l0o582.087 PRIpKAU_COAV-24835r2014-05-02 00:00:00w2014-05-02yBK